000
00215nam a22000977a 4500
082
_a
894.812.3
_b
MAA/K
100
_a
MAADAKKARA, SATHYAN
245
_a
KAPPALILLATHA THURAMUGHAM
650
_a
MALAYALAM STORY
942
_c
BK
999
_c
7702
_d
7702